000 00565nam a2200181Ia 4500
008 151018s9999 xx 000 0 und d
082 _bRBASDV47640
_a891.433
100 _aविनोद = साव
245 _aभोंगपूर ३० किमी
250 _b1
260 _bपंकज बुक्स
_c2007
300 _a111
600 _aविनोद = साव
630 _aभोंगपूर ३० किमी
700 _aविनोद = साव
730 _aभोंगपूर ३० किमी
942 _cBOOK
999 _c1046772
_d1046769